000 00749nam a22002053a 4500
005 20251128063955.0
008 011002s1994 ea r 000 0 spa d
020 _a0821328573
035 _aUPN01000112463
049 _aCG
050 4 _aLA541
_bW4.48
100 1 _aWinkler, Donald R.
245 1 3 _aLa educación superior en América Latina :
_bcuestiones sobre eficiencia y equidad /
_cDonald R. Winkler.
260 _aWashington :
_bBanco Internacional de Reconstrucción y Fomento :
_bBanco Mundial,
_cc1994.
300 _axiv, 147 p.
440 0 _aDocumentos para discusión del Banco Mundial ;
_v775
650 4 _aEducación superior
_zAmérica Latina
_95753
650 4 _aEducación superior y Estado
_zAmérica Latina
_95952
905 _aLibro
999 _c86371
_d86371